日本政治评论二十年
সংরক্ষণ করুন:
| প্রধান লেখক: | |
|---|---|
| বিন্যাস: | গ্রন্থ |
| প্রকাশিত: |
Global Publishing Co
1992
|
| ট্যাগগুলো: |
ট্যাগ যুক্ত করুন
কোনো ট্যাগ নেই, প্রথমজন হিসাবে ট্যাগ করুন!
|
| Thư viện lưu trữ: | Mạng thư viện Đại học Đà Nẵng |
|---|
| LEADER | 00552nam a2200229 a 4500 | ||
|---|---|---|---|
| 001 | 000029167 | ||
| 003 | 24368 | ||
| 005 | 20171030145630.0 | ||
| 008 | 171030s1992 | ||
| 040 | |a LTT | ||
| 082 | 0 | |a 320.1 |b ZH-S | |
| 100 | 1 | |a Zhuo Nan Sheng (卓南生) | |
| 245 | 0 | 0 | |a 日本政治评论二十年 |c 卓南生. |
| 260 | |b Global Publishing Co |c 1992 | ||
| 500 | |a VSVN | ||
| OWN | |a LTT | ||
| 999 | |a From the UDN01 | ||
| TYP | |a Monograph | ||
| TYP | |a Printed language | ||
| 980 | |a Mạng thư viện Đại học Đà Nẵng | ||